| 000 | 00460 a2200169 4500 | ||
|---|---|---|---|
| 020 | _a0763732354 | ||
| 040 |
_aDLC _bDLC |
||
| 082 | 0 | 0 | _a512.5 |
| 100 | 1 | _aWilliams, Gareth, | |
| 245 | 1 | 0 |
_aLinear algebra with applications _cGareth Williams. |
| 250 | _a5th ed. | ||
| 260 |
_aBoston : _bJones and Bartlett Publishers, _cc2005. |
||
| 300 |
_axv, 670 p. : _bill. ; _c24 cm. |
||
| 500 | _aIncludes index. | ||
| 650 | 0 | _aAlgebras, Linear | |
| 942 |
_cBK _k512.5 WIL _2ddc |
||
| 999 |
_c4438 _d4438 |
||